Programa nacional de granos básicos; aspectos de producción
Programa nacional de granos básicos para Nicaragua, en lo referente a aspectos de la producción - Detalla los cálculos y procedimientos para determinar las proyecciones de oferta y demanda de granos básicos en el país. Expone la cuantía y la naturaleza de las metas alcanzables (para 1978-86) en lo q...
Gorde:
| Erakunde egilea: | |
|---|---|
| Formatua: | Texto |
| Argitaratua: |
Managua
|
| Etiketak: |
Etiketa erantsi
Etiketarik gabe, Izan zaitez lehena erregistro honi etiketa jartzen!
|
MARC
| LEADER | 00000 a a2200000 04500 | ||
|---|---|---|---|
| 001 | 20463 | ||
| 003 | |||
| 040 | |||
| 090 | |a 085800 | ||
| 110 | |a Nicaragua. Ministerio de Agricultura y Ganadería. Dirección de Planificación Sectorial Agropecuaria | ||
| 245 | |a Programa nacional de granos básicos; aspectos de producción | ||
| 260 | |a Managua | ||
| 300 | |a 206 p.; v. 2 | ||
| 520 | |a Programa nacional de granos básicos para Nicaragua, en lo referente a aspectos de la producción - Detalla los cálculos y procedimientos para determinar las proyecciones de oferta y demanda de granos básicos en el país. Expone la cuantía y la naturaleza de las metas alcanzables (para 1978-86) en lo que a rendimientos y productividad se refiere. Programa la producción para los siguientes productos: maíz, frijol, sorgo y arroz. Localiza las áreas agrícolas aptas o no para granos. Define la metodología utilizada en ña programación de la producción de granos básicos | ||
| 999 | |c 14381 |d 14381 | ||
